100 plus grosses primes de One Piece - Statistiques

Statistiques générales
  • Ce quiz a été pris 169 fois
  • Le résultat moyen est 35 sur 50
Statistiques - réponses
Hint Réponse % Correct
3 000 000 000 Luffy
97%
5 046 000 000 Barbe blanche
96%
4 388 000 000 Big mom
96%
4 048 900 000 Shanks
96%
1 111 000 000 Zoro
96%
1 032 000 000 Sanji
95%
4 611 100 000 Kaido
94%
3 996 000 000 Barbe noire
92%
5 564 000 000 Roger
92%
1 100 000 000 Jinbe
90%
3 189 000 000 Baggy
89%
3 000 000 000 Law
89%
3 590 000 000 Mihawk
89%
366 000 000 Nami
89%
930 000 000 Robin
89%
1 965 000 000 Crocodile
87%
383 000 000 Brook
86%
3 000 000 000 Kidd
86%
1 057 000 000 Katakuri
84%
394 000 000 Franky
83%
550 000 000 Ace
82%
1 390 000 000 King
82%
1 320 000 000 Queen
82%
500 000 000 Usopp
82%
340 000 000 Doflamingo
81%
1 000 000 000 Jack
80%
1 374 000 000 Marco
78%
1 659 000 000 Hancock
77%
602 000 000 Sabo
76%
860 000 000 Cracker
75%
932 000 000 Smoothie
75%
700 000 000 Perospero
67%
320 000 000 Hawkins
65%
320 000 000 Bonney
61%
350 000 000 Apoo
59%
350 000 000 Bege
57%
400 000 000 Ulti
57%
480 000 000 Black Maria
55%
546 000 000 Who’s Who
55%
472 000 000 Sasaki
51%
330 000 000 Cavendish
44%
382 000 000 Pedro
40%
330 000 000 Pekoms
39%
600 000 000 Snack
38%
429 000 000 Tamago
35%
542 000 000 Chinjao
34%
400 000 000 Karasu
30%
510 000 000 Izou
28%
457 000 000 Belo Betty
27%
550 000 000 Little Oars Jr
19%
Aucun quiz correspondant
Distribution des résultats
% des personnes avec chaque résultat
Percentile par nombre de réponses
Votre historique - résultats
Vous n’avez pas pris ce quiz